| 000 | 00632nam a22002057a 4500 | ||
|---|---|---|---|
| 001 | 000004562 | ||
| 003 | DO-SdBNP | ||
| 005 | 20160524090119.0 | ||
| 007 | 000004562 | ||
| 008 | 160520b 2014 xxu||||| |||| 00| 0 spa d | ||
| 040 |
_aBPMSU _bspa _cBPMSU |
||
| 092 |
_axxxxx _bxxxxx |
||
| 100 | 1 | _aTejeda Parra, Liza | |
| 245 | 1 | 0 |
_aEl viaje inolvidable / _chistoria original: Liza Tejeda Parra, ilustraciones: José Thomas. |
| 260 |
_as. l. : _bChips Comunicación Integrada, _c2014. |
||
| 300 |
_a28 p. : _bil. ; _c23 cm. |
||
| 700 | 1 | 0 |
_aThomás, José, _eil. |
| 942 |
_2ddc _cBK |
||
| 956 |
_2LOPEREZ _310 _620160520 _8BPMSU _a00041 |
||
| 999 |
_c10187 _d10187 |
||